A Duna jobb partjáról - szlovák szempontok a magyar irodalomhoz tengernyi sört ittak meg ...

Bibliographic Details
Main Author: Michalovič, Peter, 1960- (Author)
Format: Article
Language:Hungarian
PhysicalDescription:Fotogr.
Subjects:

MARC

LEADER 00000nab a2200000 ar4500
001 vtls008959295
003 SK-MaSNL
005 20260319071342.0
008 070220c20070217xo |||||||| 000 b|hun
015 |a SNBRB2007/02  |2 snkbucl 
038 |a SNKBUCL 
040 |a DSZK  |b slo  |c DSZK  |e AACR2 
041 0 |a hun 
044 |a xo  |c SK 
080 |a 82:929:821.162.4  |2 1997 
080 |a 821.162.4:929  |2 1997 
080 |a 82.091:821.162.4:821.511.141  |2 1997 
080 |a 821.162.4.091:821.511.141  |2 1997 
080 |a 821.511.141.091:821.162.4  |2 1997 
100 1 |a Michalovič, Peter,  |d 1960-  |4 aut  |9 85879 
245 1 0 |a A Duna jobb partjáról - szlovák szempontok a magyar irodalomhoz  |b tengernyi sört ittak meg ...  |c Michalovič Peter 
300 |b Fotogr. 
500 |a Dokončenie 
600 1 7 |a Michalovič, Peter,  |d 1960-  |2 snkbucl  |9 85879 
650 0 7 |a maďarská literatúra  |2 snkbucl  |9 1193 
773 0 |t Új szó  |g Évf. 60, sz. 40 (17.2.2007), o. 13 
773 0 8 |i Mell.:  |t Szalon  |g Évf. 1, sz. 6 (2007) 
852 |a SNK  |b KIS3GCP 
852 |a DSZK  |b KIS3GCP 
958 |a HU 
958 |a SK 
958 |a LX 
999 |c 1758113  |d 1760043